My bedtimes stories

Bibliographic Details
Main Author: McAllister, Hayden
Format: Book
Published: London : Award Publications , 1985
Subjects:

MARC

LEADER 00000cam a2200000 7i4500
001 0000009072
002 000009883
005 20000330.0
020 |a 0861631269 
090 0 0 |a JF   |b MCA 
100 1 |a McAllister, Hayden 
245 1 0 |a My bedtimes stories   |c Hayden Mc Allister 
260 |a London :   |b Award Publications ,   |c 1985 
300 |a p.v. :   |b ill. ;   |c 33cm. 
650 0 0 |a Children's stories 
999 |a 041380   |b BUKU   |c PINJAMAN   |e PERPUSTAKAAN KOMUNITI PETALING JAYA 
999 |a 041381   |b BUKU   |c PINJAMAN   |e PERPUSTAKAAN KOMUNITI PETALING JAYA 
999 |a 041382   |b BUKU   |c PINJAMAN   |e PERPUSTAKAAN KOMUNITI PETALING JAYA 
999 |a 045340   |b BUKU   |c PINJAMAN   |e PERPUSTAKAAN KOMUNITI PETALING JAYA